Color Mixing Challenge - Statistics

General Stats
  • This quiz has been taken 161 times
  • The average score is 6 of 7
Answer Stats
Hint Answer % Correct
Yellow + Red = Orange
98%
Blue + Yellow = Green
96%
Red + Blue = Purple
96%
White + Black = Grey
92%
Red + White = Pink
92%
Green + Red = Brown
76%
Red + Yellow + Blue = Black
54%
No matching quizzes found
Score Distribution
Percent of People with Each Score
Percentile by Number Answered
Your Score History
You have not taken this quiz